00964nam a2200265 a 4500008004100000020002300041100001800064245008500082246003100167246001200198260009200210300006500302500004100367500003000408504004100438500002000479650005000499650006100549700002700610700001700637710001700654003000100671005001700672040000900689  a1874950024 (pbk. )1 aRebelo, Tony.10aSasol proteas :ba field guide to the proteas of southern Africa /cTony Rebelo 18aProteas of southern Africa30aProteas aVlaeberg :bFernwood Press in association with the National Botanical Institute,c1995. a224 p., 112 p. of plates :bill. (some col.), maps ;c21 cm. aphotographs by Patersons-Jones Colin aIllustrated by Nicci Page aIncludes bibliographical references. aIncludes index. 0aProteaceaezAfrica, SouthernxIdentification. 0aProteaceaezAfrica, SouthernxGeographical distribution. aPaterson-Jones, Colin.1 aPage, Nicci.2 aSasol (Firm)20230123134412.0 cNUST